00390 a2200133 450000100060000002000150000604000220002110000280004324000500007124500450012130000080016636200090017465000730018363893 a8516029301 cAnchieta - Pituba aPereira, Lygia da Veiga10aSequenciaram o genoma humano... E agora?lpor10aSequenciaram o genoma humano... E agora? a1110 a2001 4aGenética fisiológica (Genética molecular humana) Genoma humano